| 000 | 00894nam a2200205 i 4500 | ||
|---|---|---|---|
| 001 | 163044 | ||
| 003 | ES-MaACL | ||
| 005 | 20230906212646.0 | ||
| 008 | 970325s1879 sp |||| | spa d | ||
| 040 |
_aCAM _bspa _cCAM |
||
| 100 | 1 |
_aOliver y Hurtado, Manuel. _986850 |
|
| 245 | 1 | 0 |
_aNoticia de las actas de la Real Academia de la Historia _b: leída... en junta pública de 29 de junio de 1879 / _cpor Manuel Oliver Hurtado. |
| 260 |
_aMadrid : _b[s.n.], _c1879 ( _fImprenta de José Rodríguez) |
||
| 300 |
_a113 p. ; _c21 cm. |
||
| 530 | _aDisponible en formato digital. | ||
| 610 | 2 |
_aReal Academia de la Historia (España) _96309 |
|
| 852 |
_aES-MaACL _jF-6570 _z-- Enc. hol. |
||
| 852 |
_aES-MaACL _jT-1101-F-3 _z-- Enc. hol. conservando la cub. original _z-- Enc. en un vol. facticio |
||
| 856 |
_uhttp://bdh-rd.bne.es/viewer.vm?id=0000191278&page=1 _zBiblioteca Digital Hispánica |
||
| 999 |
_c163044 _d163044 |
||